000 00655nam a2200253Ia 4500
003 OSt
005 20220918204254.0
006 a|||||r|||| 00| 0
007 ta
008 220917b |||||||| |||| 00| 0 eng d
024 _a111,831
037 _cTextual
040 _aARTS
_cARTS
_beng
041 _2eng
_aeng
082 _aV52.C, L0
100 _aDudley Donald
_9111342
245 0 _aRomans
260 _aLondon
_bHutchinson
_c1970
300 _axxiv,316p. illus
_ccm.
490 _aHistory of human society, ed by J H Plumb
650 _aHISTORY
942 _hV52.C, L0
_cTEXL
_2CC
999 _c235180
_d235180